000 00714nam a2200229Ia 4500
003 IN-BaIIA
008 211028s9999 xx 000 0 eng d
020 _a978-0-471-35894-7
040 _cIIA Library
080 _a535
_bTHR
245 0 _aThree-Dimensional holographic imaging
_cedited by Chung J. Kuo and Meng Hua Tsai
260 _aNew York
_bJohn Wiley & Sons
_c2002
300 _axvi, 204p.
490 _aWiley series in lasers and applications
650 _aElectronic holography
_926631
650 _aHolograms
_926270
650 _aHolographic images
_926632
650 _aHolographic recording
_926633
700 _aKuo,Chung J., ed.
_926634
700 _aTsai, Meng Hua., ed.
_926635
942 _cBK
999 _c14803
_d14803